[Event "grenke Chess Open 2025"]
[Site "Karlsruhe GER"]
[Date "2025.04.18"]
[Round "2.49"]
[White "Gulatz, Maurice"]
[Black "Nemec, Jachym"]
[Result "1/2-1/2"]
[WhiteTitle "CM"]
[BlackTitle "FM"]
[WhiteElo "2214"]
[BlackElo "2428"]
[WhiteFideId "24642746"]
[BlackFideId "23716525"]
[EventDate "2025.04.17"]

1. e4 c6 2. d4 d5 3. e5 Bf5 4. h4 a6 5. g4 Bd7 6. h5 c5 7. c3 Nc6 8. Be3 Nh6 9.
Be2 e6 10. Nh3 cxd4 11. cxd4 Qb6 12. Qd2 Na5 13. Nc3 O-O-O 14. Nf4 Bb4 15. O-O
Kb8 16. Rfc1 Rc8 17. Qd1 Bxc3 18. bxc3 Qd8 19. c4 dxc4 20. Rab1 Qh4 21. d5 exd5
22. Qd4 Nxg4 23. Qa7+ Kc7 24. Qb6+ Kb8 25. Qa7+ 1/2-1/2

[Event "grenke Chess Open 2025"]
[Site "Karlsruhe GER"]
[Date "2025.04.18"]
[Round "2.50"]
[White "Nothnagel, Marian Can"]
[Black "Philipp, Mathias"]
[Result "1-0"]
[WhiteTitle "FM"]
[BlackTitle "CM"]
[WhiteElo "2424"]
[BlackElo "2197"]
[WhiteFideId "12921530"]
[BlackFideId "12958883"]
[EventDate "2025.04.17"]

1. e4 c5 2. Nf3 e6 3. d3 d5 4. Nbd2 Nc6 5. g3 Nf6 6. Bg2 dxe4 7. dxe4 e5 8. O-O
Qc7 9. c3 Be7 10. Qe2 O-O 11. Nc4 Be6 12. Ng5 Bg4 13. f3 Bd7 14. Nh3 b5 15. Ne3
c4 16. Kh1 Bc5 17. a4 Na5 18. axb5 Nb3 19. Ra6 Bxe3 20. Bxe3 Bxb5 21. Rxf6 gxf6
22. f4 Qe7 23. Qg4+ Kh8 24. Qh4 Bd7 25. fxe5 Qxe5 26. Rxf6 Bxh3 27. Bxh3 1-0

[Event "grenke Chess Open 2025"]
[Site "Karlsruhe GER"]
[Date "2025.04.18"]
[Round "2.51"]
[White "Lippert, Daniel"]
[Black "Grutter, Tim"]
[Result "0-1"]
[BlackTitle "FM"]
[WhiteElo "2211"]
[BlackElo "2423"]
[WhiteFideId "16261895"]
[BlackFideId "1057472"]
[EventDate "2025.04.17"]

1. e4 e5 2. Nf3 Nc6 3. Bb5 a6 4. Ba4 Nf6 5. O-O d6 6. d4 b5 7. Bb3 Nxd4 8. Nxd4
exd4 9. c3 dxc3 10. Qf3 Bb7 11. Nxc3 Be7 12. Qg3 O-O 13. Bh6 Ne8 14. Be3 Bf6 15.
Bc2 b4 16. Nd5 Bxd5 17. exd5 Bxb2 18. Rab1 Bc3 19. Bg5 Qd7 20. Qh4 f5 21. Rxb4
Bxb4 22. Qxb4 Nf6 23. Bxf6 Rxf6 24. Ba4 a5 25. Qa3 Qe7 26. Qc3 Qe4 27. Bc2 Qb4
28. Qxc7 Re8 29. Qd7 Re1 30. Bxf5 Rxf1+ 31. Kxf1 Qc4+ 32. Ke1 Qc3+ 33. Kd1 Qd4+ 0-1

[Event "grenke Chess Open 2025"]
[Site "Karlsruhe GER"]
[Date "2025.04.18"]
[Round "2.52"]
[White "Colbow, Collin"]
[Black "Sokhor, Nazar"]
[Result "1-0"]
[WhiteTitle "IM"]
[BlackTitle "CM"]
[WhiteElo "2422"]
[BlackElo "2196"]
[WhiteFideId "16201132"]
[BlackFideId "34126937"]
[EventDate "2025.04.17"]

1. e4 e6 2. d4 d5 3. e5 Qd7 4. c3 b6 5. h4 Ba6 6. Bxa6 Nxa6 7. h5 c5 8. Nf3 cxd4
9. cxd4 Bb4+ 10. Kf1 Nb8 11. Rh3 Nc6 12. Bf4 O-O-O 13. a3 Bf8 14. b4 Kb7 15. Bd2
f6 16. Qe2 fxe5 17. dxe5 Nh6 18. b5 Ne7 19. Bxh6 gxh6 20. Nd4 Rc8 21. Nd2 Nf5
22. Nxf5 exf5 23. e6 Qg7 24. Re1 Bd6 25. Rd3 d4 26. Nb3 Rc4 27. e7 Rcc8 28. Nxd4 1-0

[Event "grenke Chess Open 2025"]
[Site "Karlsruhe GER"]
[Date "2025.04.18"]
[Round "2.53"]
[White "Kavutskiy, Kostya"]
[Black "Thouard, Axel"]
[Result "0-1"]
[WhiteTitle "IM"]
[WhiteElo "2351"]
[BlackElo "2154"]
[WhiteFideId "2026384"]
[BlackFideId "652079112"]
[EventDate "2025.04.17"]

1. Nf3 d5 2. g3 Bg4 3. Ne5 Bf5 4. c4 Nd7 5. Nxd7 Qxd7 6. Qb3 O-O-O 7. Bg2 Be4 8.
f3 Bg6 9. cxd5 Bxb1 10. Rxb1 Qxd5 11. Qa4 Kb8 12. b4 e5 13. Rb3 Qc4 14. Bb2 Nf6
15. d3 Qe6 16. Ra3 Qb6 17. Rb3 Nd5 18. a3 Qe6 19. Rc3 Nxc3 20. Bxc3 f5 21. O-O
h5 22. f4 e4 23. dxe4 fxe4 24. b5 Bc5+ 25. Kh1 h4 26. g4 h3 27. Bxe4 Rd4 0-1

[Event "grenke Chess Open 2025"]
[Site "Karlsruhe GER"]
[Date "2025.04.18"]
[Round "2.54"]
[White "Helmer, Jan"]
[Black "Tadic, Stefan"]
[Result "1/2-1/2"]
[WhiteTitle "CM"]
[BlackTitle "IM"]
[WhiteElo "2208"]
[BlackElo "2419"]
[WhiteFideId "12956686"]
[BlackFideId "958980"]
[EventDate "2025.04.17"]

1. d4 d5 2. c4 e6 3. Nf3 Nf6 4. g3 Bb4+ 5. Bd2 Be7 6. Bg2 O-O 7. O-O Nbd7 8. Bc3
dxc4 9. a4 a5 10. Nbd2 Nb6 11. Ne5 Nfd5 12. Ndxc4 Nxc4 13. Nxc4 b6 14. Bd2 Ba6
15. Ne5 Bf6 16. Nc6 Qd6 17. Rc1 Bb7 18. Qc2 Bxc6 19. Qxc6 Qxc6 20. Rxc6 Bxd4 21.
Bxd5 exd5 22. Rxc7 Bxb2 23. Rb1 Bd4 24. Rb5 Rfd8 25. Be3 Bxe3 26. fxe3 Re8 27.
Kf2 Re6 28. Rxd5 Rae8 29. Rd3 Re4 30. Rb7 Rxa4 31. Rxb6 h5 32. Rd5 Ra3 33. Rxh5
Raxe3 34. Rb2 Ra3 35. Rhb5 Ra8 36. Rb8+ Rxb8 37. Rxb8+ Kh7 38. h4 f5 39. Rb6 g6
40. Ra6 a4 41. h5 gxh5 42. Rf6 Ra1 43. Rxf5 Kg6 44. Ra5 a3 45. Kg2 a2 46. e4 Kf6
47. e5+ Kf5 48. Kh2 1/2-1/2

[Event "grenke Chess Open 2025"]
[Site "Karlsruhe GER"]
[Date "2025.04.18"]
[Round "2.55"]
[White "Braeuning, Rudolf Wilhelm"]
[Black "Milov, Leonid"]
[Result "0-1"]
[WhiteTitle "FM"]
[BlackTitle "GM"]
[WhiteElo "2200"]
[BlackElo "2416"]
[WhiteFideId "4602218"]
[BlackFideId "14101068"]
[EventDate "2025.04.17"]

1. e4 c5 2. d4 cxd4 3. c3 dxc3 4. Nxc3 e6 5. Nf3 a6 6. Bc4 d6 7. O-O Nf6 8. Qe2
b5 9. Bb3 Be7 10. Rd1 Nbd7 11. e5 dxe5 12. Nxe5 Qb6 13. a4 Nxe5 14. Qxe5 b4 15.
Be3 Qb8 16. Qxb8 Rxb8 17. Ne2 Bb7 18. Rac1 O-O 19. Nd4 Rfc8 20. Rxc8+ Rxc8 21.
Nxe6 fxe6 22. Bxe6+ Kf8 23. Bxc8 Bxc8 24. Bc5 Bd7 25. Bxe7+ Kxe7 26. Rd4 a5 27.
Rc4 Kd6 28. b3 Be6 29. Rd4+ Kc6 30. Rd3 Nd7 31. h4 Nc5 32. Rg3 g6 33. h5 gxh5
34. f4 Bxb3 35. f5 Bf7 36. Rg7 b3 37. Rxf7 b2 38. Rf6+ Kc7 39. Rf7+ Nd7 0-1

[Event "grenke Chess Open 2025"]
[Site "Karlsruhe GER"]
[Date "2025.04.18"]
[Round "2.56"]
[White "Di Nicolantonio, Lucas"]
[Black "Gemelli, Romain"]
[Result "1-0"]
[WhiteTitle "IM"]
[WhiteElo "2414"]
[BlackElo "2193"]
[WhiteFideId "680460"]
[BlackFideId "1336401"]
[EventDate "2025.04.17"]

1. Nf3 Nf6 2. d4 d5 3. e3 c5 4. c3 Nc6 5. dxc5 e6 6. b4 a5 7. b5 Ne7 8. Ba3 Nf5
9. Bd3 Be7 10. O-O O-O 11. Qa4 Nd7 12. Bxf5 exf5 13. c6 bxc6 14. bxc6 Nc5 15.
Bxc5 Bxc5 16. Nbd2 Qf6 17. Nb3 Bd6 18. Qd4 Qxd4 19. Nbxd4 Ba6 20. Rfd1 g6 21. a4
Rab8 22. g3 Rb6 23. Nb5 Rxc6 24. Rxd5 Be7 25. Ne5 Rcc8 26. Rad1 Rfd8 27. c4 Bxb5
28. Rxd8+ Rxd8 29. Rxd8+ Bxd8 30. cxb5 Kf8 31. Kf1 f6 32. Nc6 Bb6 33. Ke2 Kf7
34. Kd3 Ke6 35. Kc4 Kd6 36. Nd4 Ke5 37. Ne2 Kd6 38. Nc3 Bd8 39. Nd5 g5 40. f4 g4
41. Kd4 h6 42. Kc4 1-0

[Event "grenke Chess Open 2025"]
[Site "Karlsruhe GER"]
[Date "2025.04.18"]
[Round "2.57"]
[White "Nurgaliyeva, Zarina"]
[Black "Loiseau, Quentin"]
[Result "1-0"]
[WhiteTitle "WFM"]
[BlackTitle "IM"]
[WhiteElo "2199"]
[BlackElo "2414"]
[WhiteFideId "13730096"]
[BlackFideId "665274"]
[EventDate "2025.04.17"]

1. e4 c5 2. Nf3 e6 3. d4 cxd4 4. Nxd4 Nc6 5. Nc3 Qc7 6. Qd3 Nf6 7. Ndb5 Qb8 8.
Qg3 d6 9. Be3 a6 10. Nd4 h5 11. f3 Ne5 12. O-O-O b5 13. Kb1 Bd7 14. Bd3 b4 15.
Nce2 h4 16. Qf2 a5 17. g4 hxg3 18. hxg3 Rxh1 19. Rxh1 Nxd3 20. cxd3 e5 21. Nb3
Qb5 22. d4 a4 23. Nbc1 Qc4 24. Ng1 Rc8 25. Qe2 exd4 26. Qxc4 Rxc4 27. b3 Rc8 28.
Bxd4 d5 29. bxa4 dxe4 30. a5 Bc6 31. f4 Ra8 32. Nb3 Bb5 33. Rh8 Kd7 34. Nh3 Rc8
35. Ng5 Nd5 36. Nxf7 Ke6 37. Rh5 Bd3+ 38. Ka1 Nf6 39. Ng5+ Kf5 40. Rh8 Re8 41.
Kb2 Kg4 42. Nc1 Bc4 43. Bxf6 gxf6 44. Nxe4 Kf3 45. Nd2+ 1-0

[Event "grenke Chess Open 2025"]
[Site "Karlsruhe GER"]
[Date "2025.04.18"]
[Round "2.58"]
[White "Yankelevich, Lev"]
[Black "Vogel, Constantin"]
[Result "1-0"]
[WhiteTitle "GM"]
[WhiteElo "2413"]
[BlackElo "2193"]
[WhiteFideId "24684074"]
[BlackFideId "12960071"]
[EventDate "2025.04.17"]

1. d4 Nf6 2. c4 e6 3. Nf3 b6 4. g3 Ba6 5. b3 Bb4+ 6. Bd2 Be7 7. Bg2 O-O 8. O-O
d5 9. Bc3 dxc4 10. Ne5 Nd5 11. Nxc4 Nd7 12. Bb2 c5 13. e4 Nb4 14. Nba3 cxd4 15.
Qxd4 e5 16. Qd2 Qc7 17. Rfc1 Rad8 18. Ne3 Qd6 19. Nd5 Nxd5 20. exd5 Qb4 21. Qxb4
Bxb4 22. Rc7 Bd3 23. Rxa7 Nc5 24. Bxe5 b5 25. Rc1 Ne4 26. Bd4 Rxd5 27. Be3 Rfd8
28. Rd1 f5 29. Bf1 Bxf1 30. Rxd5 Rxd5 31. Kxf1 Bd2 32. Bb6 Bc3 33. Rc7 Bb2 34.
Nc2 Rd1+ 35. Kg2 g6 36. a4 bxa4 37. bxa4 Rd2 38. a5 Bc3 39. a6 Rxc2 40. a7 Ra2
41. Rc8+ Kf7 42. a8=Q Rxa8 43. Rxa8 h5 44. Ra7+ Ke6 45. Ra6 Kf7 46. Ra4 Bf6 47.
f3 Nc3 48. Rc4 Nd5 49. Bd4 Be7 50. Rc6 Nb4 51. Rc7 Nd5 52. Ra7 Ke6 53. Kf2 f4
54. g4 hxg4 55. fxg4 g5 56. Ra6+ Kf7 57. Kf3 Nc7 58. Rh6 Nb5 59. Be5 Na3 60. Rc6
Nb1 61. Ke2 Na3 62. Kd3 Nb5 63. Ke4 Na7 64. Rc7 Nb5 65. Rb7 1-0

[Event "grenke Chess Open 2025"]
[Site "Karlsruhe GER"]
[Date "2025.04.18"]
[Round "2.59"]
[White "Robert, Yoann"]
[Black "Czopor, Maciej"]
[Result "0-1"]
[WhiteTitle "CM"]
[BlackTitle "FM"]
[WhiteElo "2197"]
[BlackElo "2412"]
[WhiteFideId "36018805"]
[BlackFideId "21805431"]
[EventDate "2025.04.17"]

1. d4 Nf6 2. Nc3 d5 3. Bf4 e6 4. Nb5 Bb4+ 5. c3 Ba5 6. b4 Bb6 7. a4 a5 8. Nf3
Nc6 9. bxa5 Bxa5 10. Qc2 O-O 11. e3 Nh5 12. Bd3 h6 13. O-O Nxf4 14. exf4 Ne7 15.
Rfc1 c6 16. Na3 Nf5 17. Bxf5 exf5 18. Qb3 Ra7 19. Nc2 Be6 20. Nce1 Qd6 21. Nd3
Rfa8 22. Qa3 Bc7 23. Nfe5 Qxa3 24. Rxa3 Bd6 25. Rb3 f6 26. Nf3 Bc8 27. g3 Rxa4
28. Kg2 Kf7 29. Rcb1 R8a7 30. Nfe1 Ra3 31. Nc2 Rxb3 32. Rxb3 Ra2 33. Ne3 g6 34.
Kf3 Ke7 35. Ng2 Bc7 36. Nh4 Kf7 37. Nc5 b6 38. Nd3 Ra4 39. Ng2 Ba6 40. Nb4 Bc4
41. Rb2 c5 42. dxc5 bxc5 43. Nc2 Ba6 44. Nce3 Ke6 45. Nh4 d4 46. cxd4 cxd4 47.
Rc2 Bd6 48. Nxg6 Bb7+ 49. Ke2 dxe3 50. fxe3 Be4 51. Rb2 Bc5 52. Kf2 Ra3 53. Re2
Bd3 54. Re1 Ra2+ 55. Kg1 Be4 56. Nh4 Bb4 57. Rd1 Re2 58. Ra1 Bc5 0-1

[Event "grenke Chess Open 2025"]
[Site "Karlsruhe GER"]
[Date "2025.04.18"]
[Round "2.60"]
[White "De Boer, Eelke"]
[Black "Schulte-Geers, Niklas"]
[Result "1-0"]
[WhiteTitle "IM"]
[WhiteElo "2412"]
[BlackElo "2190"]
[WhiteFideId "1048120"]
[BlackFideId "12956066"]
[EventDate "2025.04.17"]

1. e4 c6 2. d4 d5 3. e5 c5 4. Nf3 cxd4 5. Nxd4 Nc6 6. Nxc6 bxc6 7. Bd3 e6 8. O-O
Ne7 9. Re1 a5 10. c3 Ng6 11. Nd2 Bc5 12. Nb3 Bb6 13. Be3 a4 14. Nd2 O-O 15. Qh5
Bxe3 16. Rxe3 Qb6 17. Rb1 f5 18. Rh3 Nxe5 19. Qxh7+ Kf7 20. Rg3 Rg8 21. Re1 Qxb2
22. Rxe5 Qxd2 23. Qg6+ Kf8 24. Rf3 Qxc3 25. Rfxf5+ Ke7 26. Re3 Qa1+ 27. Bf1 Rb8
28. Qg5+ Kd6 29. Qg3+ Kc5 30. Rc3+ Kb4 31. a3+ Ka5 32. Qc7+ Rb6 33. Rc5# 1-0

[Event "grenke Chess Open 2025"]
[Site "Karlsruhe GER"]
[Date "2025.04.18"]
[Round "2.61"]
[White "Schneider, Ilja"]
[Black "Stichter, Constantin Paul"]
[Result "1-0"]
[WhiteTitle "IM"]
[WhiteElo "2408"]
[BlackElo "2189"]
[WhiteFideId "4663306"]
[BlackFideId "34603140"]
[EventDate "2025.04.17"]

1. d4 e6 2. c4 Nf6 3. g3 Be7 4. Bg2 d5 5. Nf3 O-O 6. O-O b6 7. Nc3 Ba6 8. Nd2 c6
9. b3 Bb7 10. Bb2 Na6 11. Rc1 Rc8 12. e4 Rc7 13. Qe2 Rd7 14. Rfd1 dxe4 15. Ndxe4
Qa8 16. Nxf6+ Bxf6 17. Ne4 Be7 18. d5 cxd5 19. Qg4 d4 20. Rxd4 f5 21. Rxd7 fxg4
22. Rxe7 Rf5 23. Rxb7 Qd8 24. Rxa7 Nc5 25. Ra8 1-0

[Event "grenke Chess Open 2025"]
[Site "Karlsruhe GER"]
[Date "2025.04.18"]
[Round "2.62"]
[White "Yasmo, Daniil"]
[Black "Kowalski, Igor"]
[Result "0-1"]
[BlackTitle "IM"]
[WhiteElo "2197"]
[BlackElo "2407"]
[WhiteFideId "14199165"]
[BlackFideId "1172468"]
[EventDate "2025.04.17"]

1. e4 e5 2. Nf3 Nc6 3. Nc3 Nf6 4. Bb5 Bd6 5. d4 Nxd4 6. Nxd4 exd4 7. Qxd4 Qe7 8.
Qd3 c6 9. Bc4 b5 10. Bb3 b4 11. Ne2 Nxe4 12. Be3 Nc5 13. Qf5 O-O 14. h4 Be5 15.
O-O-O Nxb3+ 16. axb3 d5 17. Qf3 a5 18. Nd4 Bd7 19. Bf4 Bxd4 20. Rxd4 c5 21. Rdd1
Be6 22. h5 a4 23. h6 g6 24. Rhe1 axb3 25. cxb3 Qf6 26. Re5 c4 27. Qe3 c3 28.
bxc3 bxc3 29. Kc2 Ra2+ 30. Kxc3 Rc8+ 31. Kd4 Qe7 32. Rxd5 Qb4+ 33. Ke5 Bxd5 34.
Rxd5 Re8+ 35. Kf6 Ra6+ 36. Kg5 f6+ 0-1

[Event "grenke Chess Open 2025"]
[Site "Karlsruhe GER"]
[Date "2025.04.18"]
[Round "2.63"]
[White "Arnold, Rhys"]
[Black "Schmider, Niklas"]
[Result "0-1"]
[WhiteTitle "FM"]
[BlackTitle "IM"]
[WhiteElo "2194"]
[BlackElo "2406"]
[WhiteFideId "1068849"]
[BlackFideId "12993778"]
[EventDate "2025.04.17"]

1. e4 c5 2. Nf3 d6 3. d4 cxd4 4. Nxd4 Nf6 5. Nc3 a6 6. Be2 e5 7. Nb3 Be7 8. Bg5
Be6 9. Bxf6 Bxf6 10. Qd3 O-O 11. O-O-O Be7 12. Nd5 Bxd5 13. Qxd5 Qc7 14. Bg4 Nc6
15. Kb1 b5 16. a3 Rfb8 17. Rd3 a5 18. Rc3 Rb6 19. Be2 b4 20. Rf3 Bf6 21. a4 Rc8
22. c4 Ne7 23. Qd2 Ng6 24. g3 Qc6 25. Qd5 Qxa4 26. Qxa5 Qc6 27. Qd5 Qc7 28. Rd1
Rc6 29. Qd2 Qb6 30. h4 Nf8 31. Qe3 Qc7 32. Rd5 Rb6 33. Qd2 Ne6 34. Rfd3 Qxc4 35.
Re3 Qc6 36. Red3 Be7 37. Na5 Qc7 38. Nb3 Rbb8 39. Bd1 h6 40. f4 Qc4 41. fxe5
dxe5 42. Rd7 Bf6 43. Bh5 g6 44. Bg4 Nc5 45. Nxc5 Rxc5 46. Bd1 Rbc8 47. Qe3 Qc1+
48. Qxc1 Rxc1+ 49. Ka2 R1c7 50. Rxc7 Rxc7 51. Kb3 Be7 52. h5 Kg7 53. Bg4 Kf6 54.
hxg6 fxg6 55. Rd1 h5 56. Be2 Rb7 57. Rd5 Rb6 58. Bf3 Rc6 59. Rd1 Bc5 60. Rf1 Kg5
61. Be2 Rd6 62. Kc4 Bd4 63. Kxb4 Bxb2 64. Kb3 Rd2 65. Bc4 Bd4 66. Be6 Rd3+ 67.
Kc2 Rxg3 68. Kd2 Rg2+ 69. Kd3 Rg3+ 70. Kd2 Be3+ 71. Ke2 Bf4 72. Bd5 Re3+ 73. Kf2
Rc3 74. Rg1+ Kh6 75. Rb1 Rc2+ 76. Kg1 Be3+ 77. Kh1 Rc1+ 78. Rxc1 Bxc1 79. Kg2 g5
80. Kg3 g4 81. Kh4 Bd2 82. Kg3 Kg5 83. Be6 h4+ 84. Kf2 h3 0-1

[Event "grenke Chess Open 2025"]
[Site "Karlsruhe GER"]
[Date "2025.04.18"]
[Round "2.64"]
[White "Postlmayer, Jakob"]
[Black "Boehme, Markus"]
[Result "1-0"]
[WhiteTitle "FM"]
[WhiteElo "2403"]
[BlackElo "2186"]
[WhiteFideId "1643622"]
[BlackFideId "12946850"]
[EventDate "2025.04.17"]

1. d4 d5 2. Nf3 Nf6 3. c4 e6 4. Nc3 a6 5. c5 b6 6. cxb6 c5 7. Bf4 Bd6 8. Bxd6
Qxd6 9. dxc5 Qxc5 10. Qd4 Qd6 11. e3 Nbd7 12. Be2 Qxb6 13. b3 O-O 14. O-O a5 15.
Rac1 Ba6 16. Qxb6 Nxb6 17. Bxa6 Rxa6 18. a4 Nbd7 19. Nd4 g6 20. Rfd1 Kg7 21. f3
e5 22. Nde2 Nc5 23. Nb5 Ne6 24. Rc2 Rd8 25. Kf2 h5 26. h4 Rb6 27. Nc1 Rbb8 28.
Nd3 d4 29. e4 Nd7 30. Rc6 Kf8 31. Rdc1 Ke7 32. g3 f6 33. Ke2 Rb6 34. Rxb6 Nxb6
35. Rc6 Rb8 36. f4 Nd7 37. Kf3 Rb7 38. Rc8 Nb6 39. Rh8 Nd7 40. Rh7+ Kf8 41. Rh8+
Kg7 42. Rc8 Rb6 43. Ke2 Kf7 44. Kd2 Ke7 45. Rc4 Ra6 46. Nc7 Ra7 47. Nd5+ Kf7 48.
Rc6 Nd8 49. Rc8 Ne6 50. Kc2 exf4 51. gxf4 g5 52. f5 Ng7 53. hxg5 fxg5 54. Rc6 g4
55. e5 Nf8 56. N3f4 g3 57. e6+ Kg8 58. Nf6+ Kh8 59. Rc8 Nxf5 60. N4xh5 Rc7+ 61.
Rxc7 g2 62. Rc8 d3+ 63. Kb2 1-0

[Event "grenke Chess Open 2025"]
[Site "Karlsruhe GER"]
[Date "2025.04.18"]
[Round "2.65"]
[White "Karsay, Pascal"]
[Black "Weigand, Anton"]
[Result "1/2-1/2"]
[WhiteTitle "FM"]
[WhiteElo "2401"]
[BlackElo "2183"]
[WhiteFideId "12953474"]
[BlackFideId "16221915"]
[EventDate "2025.04.17"]

1. d4 d5 2. c4 dxc4 3. Nf3 c5 4. e3 cxd4 5. Bxc4 Qc7 6. Bb3 dxe3 7. Bxe3 e6 8.
O-O Nf6 9. Nc3 Nc6 10. Nb5 Qa5 11. Nd6+ Bxd6 12. Qxd6 Ne4 13. Qf4 Qf5 14. Qh4
Nf6 15. Rac1 Qg4 16. Qxg4 Nxg4 17. Bc5 f6 18. Nd2 Nge5 19. Ne4 Nd3 20. Nd6+ Kd7
21. Rcd1 Nxc5 22. Nxb7+ Ke7 23. Nxc5 Rd8 24. Bc2 Rb8 25. Rxd8 Nxd8 26. Rb1 Rb5
27. b4 a5 28. Nd3 axb4 29. Nxb4 Bb7 30. Bxh7 g6 31. Bxg6 Rg5 32. Bd3 Rxg2+ 1/2-1/2

[Event "grenke Chess Open 2025"]
[Site "Karlsruhe GER"]
[Date "2025.04.18"]
[Round "3.1"]
[White "Reimann, Sebastian"]
[Black "Liang, Awonder"]
[Result "0-1"]
[BlackTitle "GM"]
[WhiteElo "2346"]
[BlackElo "2692"]
[WhiteFideId "12928054"]
[BlackFideId "2056437"]
[EventDate "2025.04.17"]

1. e4 g6 2. d4 Bg7 3. Nc3 d6 4. Be3 a6 5. f3 b5 6. h4 h6 7. Qd2 Nd7 8. Nh3 Ngf6
9. g4 Nb6 10. Nf4 Nfd7 11. O-O-O Bb7 12. Be2 c6 13. g5 h5 14. Ng2 Qc7 15. Rdf1
c5 16. d5 Ne5 17. b3 c4 18. f4 cxb3 19. axb3 Nf3 20. Rxf3 Bxc3 21. Qd3 Rc8 22.
Bd1 Nxd5 23. Bd4 Qa5 24. Bxc3 Nxc3 0-1

[Event "grenke Chess Open 2025"]
[Site "Karlsruhe GER"]
[Date "2025.04.18"]
[Round "3.2"]
[White "Vitiugov, Nikita"]
[Black "Besou, Hussain"]
[Result "1-0"]
[WhiteTitle "GM"]
[BlackTitle "FM"]
[WhiteElo "2670"]
[BlackElo "2344"]
[WhiteFideId "4152956"]
[BlackFideId "16269950"]
[EventDate "2025.04.17"]

1. e4 e5 2. Nf3 Nc6 3. Bb5 a6 4. Ba4 Nf6 5. O-O Be7 6. Bxc6 dxc6 7. d3 Bg4 8.
Nbd2 O-O 9. h3 Bxf3 10. Nxf3 Nd7 11. Be3 Re8 12. Qd2 c5 13. a4 a5 14. Qc3 Bd6
15. Nd2 b6 16. Nc4 Nf8 17. f4 exf4 18. Bxf4 Bxf4 19. Rxf4 Ne6 20. Rf2 Nd4 21.
Ne3 Qd6 22. Qc4 Qe6 23. Nd5 Rac8 24. Raf1 f6 25. c3 Nc6 26. Rxf6 gxf6 27. Rxf6
Qe5 28. Rxc6 Kh8 29. Nf6 Re7 30. d4 Qg5 31. Qf1 cxd4 32. cxd4 Qd2 33. Qf2 Qd1+
34. Kh2 Qxa4 35. d5 Rf8 36. Qe3 Qb4 37. b3 a4 38. bxa4 Qb2 39. Ng4 Qb4 40. Qh6
Rg7 41. Qe6 Re7 42. Qh6 Rg7 43. e5 Rfg8 44. Qf6 Rf8 45. Qh6 Rfg8 46. d6 cxd6 47.
Rxd6 Rg6 48. Rxg6 Rxg6 49. Qe3 h5 50. Nf2 Qe7 51. Nd3 Qg5 52. Nf4 Rg7 53. e6 Kg8
54. Qe4 Qg3+ 55. Kg1 Rc7 56. Ne2 Qg5 57. Nd4 Qg3 58. Nc6 Rxc6 59. Qxc6 Qe1+ 60.
Kh2 Qe5+ 61. g3 Qe2+ 62. Qg2 Qxe6 63. Qc2 Kg7 64. h4 Qe5 65. Qd2 Kg6 66. Qd3+
Kh6 67. Kg2 Qb2+ 68. Kf3 Qf6+ 69. Ke2 Qc6 70. Qe3+ Kh7 71. Qe7+ Kh8 72. Qe5+ Kg8
73. Qg5+ Kf8 74. Qxh5 Qg2+ 75. Ke3 Qxg3+ 76. Qf3+ 1-0

[Event "grenke Chess Open 2025"]
[Site "Karlsruhe GER"]
[Date "2025.04.18"]
[Round "3.3"]
[White "Frischmann, Rick"]
[Black "Saric, Ivan"]
[Result "0-1"]
[WhiteTitle "FM"]
[BlackTitle "GM"]
[WhiteElo "2331"]
[BlackElo "2659"]
[WhiteFideId "24660752"]
[BlackFideId "14508150"]
[EventDate "2025.04.17"]

1. e4 c5 2. d4 cxd4 3. Qxd4 Nc6 4. Qd3 Nf6 5. Nc3 d6 6. Nf3 a6 7. Be2 Bg4 8. O-O
Rc8 9. a3 g6 10. Rd1 Bg7 11. h3 Bxf3 12. Qxf3 Ne5 13. Qg3 Qb6 14. Be3 Qc6 15.
Rd4 O-O 16. f4 Ned7 17. e5 dxe5 18. fxe5 Qc7 19. Bf4 Qb6 20. Rd1 Rxc3 21. Qxc3
Nd5 22. Qb3 Nxf4 23. Bf3 Bxe5 24. Qxb6 Nxb6 25. Rb4 Bc7 26. Bxb7 a5 27. Rb5 Nc4
28. Bf3 Nd6 29. Rb3 e5 30. Bd5 e4 31. c4 e3 32. c5 e2 33. Re1 Nf5 34. Bc4 a4 35.
Rb7 Ba5 36. Rxe2 Nxe2+ 37. Bxe2 Rc8 38. Bc4 Rxc5 39. Bxf7+ Kf8 40. Be6 Rc1+ 41.
Kh2 Bc7+ 42. g3 Bxg3+ 43. Kg2 Rc2+ 44. Kf3 Rf2+ 45. Kg4 Rf4+ 46. Kg5 Nd6 47.
Rxh7 Ne4+ 48. Kxg6 Rf6+ 49. Kh5 Rxe6 50. Rb7 Nc5 0-1

[Event "grenke Chess Open 2025"]
[Site "Karlsruhe GER"]
[Date "2025.04.18"]
[Round "3.4"]
[White "Shirov, Alexei"]
[Black "Smolik, Jachym"]
[Result "1/2-1/2"]
[WhiteTitle "GM"]
[BlackTitle "FM"]
[WhiteElo "2650"]
[BlackElo "2326"]
[WhiteFideId "2209390"]
[BlackFideId "23701641"]
[EventDate "2025.04.17"]

1. d4 Nf6 2. c4 e6 3. Nf3 d5 4. g3 dxc4 5. Bg2 c6 6. Ne5 Bb4+ 7. Nc3 Nd5 8. Bd2
Nb6 9. Ne4 Bxd2+ 10. Qxd2 f6 11. Nf3 Nd5 12. O-O O-O 13. Rfc1 b5 14. b3 cxb3 15.
axb3 a5 16. Nc5 b4 17. e4 Nc3 18. Rxc3 bxc3 19. Qxc3 Na6 20. Rxa5 Nc7 21. Rxa8
Nxa8 22. Bf1 Re8 23. e5 f5 24. Bc4 Nb6 25. h4 Nd5 26. Qa1 Qb6 27. h5 h6 28. Nh4
Bb7 29. Qc1 Qb4 30. Ng6 Bc8 31. Kg2 Qc3 32. Qxc3 Nxc3 33. Kf3 Kf7 34. Nf4 Re7
35. b4 Nd5 36. Nxd5 exd5 37. Bb3 Be6 38. Kf4 Re8 39. Bc2 Rb8 40. Bxf5 Bxf5 41.
Kxf5 Rxb4 42. Ne6 Rc4 43. g4 Ke7 44. f3 Kf7 45. f4 c5 46. Nxc5 Rxd4 47. e6+ Ke7
48. Ke5 Rc4 49. Nd3 Re4+ 50. Kxd5 Rxe6 51. Ne5 Ra6 52. g5 Ra4 53. Ng6+ Kf7 54.
Ne5+ Kg8 55. gxh6 gxh6 56. Ng4 Kg7 57. Ke5 Ra5+ 58. Ke6 Rxh5 59. f5 Rh1 60. f6+
Kf8 61. Ne5 Rf1 62. Ng6+ Kg8 63. Ne7+ Kf8 64. Ng6+ Ke8 65. Ne5 h5 66. Ng6 Rf2
67. Nh4 Rf4 68. Ng6 Rf1 69. Ne5 Rf2 70. Ng6 Rf1 71. Ne5 Kd8 72. f7 h4 73. Ng4 1/2-1/2

[Event "grenke Chess Open 2025"]
[Site "Karlsruhe GER"]
[Date "2025.04.18"]
[Round "3.5"]
[White "Roubalik, Jakub"]
[Black "Yuffa, Daniil"]
[Result "0-1"]
[WhiteTitle "FM"]
[BlackTitle "GM"]
[WhiteElo "2323"]
[BlackElo "2649"]
[WhiteFideId "322237"]
[BlackFideId "24131423"]
[EventDate "2025.04.17"]

1. d4 Nf6 2. c4 e6 3. Nc3 Bb4 4. e3 O-O 5. Bd3 Re8 6. Ne2 d5 7. O-O Bd6 8. c5
Bf8 9. b4 e5 10. dxe5 Rxe5 11. Bb2 Re8 12. Nf4 c6 13. Nh5 Nxh5 14. Qxh5 g6 15.
Qd1 Bg7 16. Qc2 a5 17. a3 Nd7 18. e4 Ne5 19. exd5 axb4 20. axb4 Nf3+ 21. gxf3
Qg5+ 22. Kh1 Bh3 23. Rg1 Rxa1 24. Bxa1 Qxg1+ 0-1